GREEN CHEMISTRY (Record no. 15710)
[ view plain ]
| 000 -LEADER | |
|---|---|
| fixed length control field | 00238nam a22001217a 4500 |
| 003 - CONTROL NUMBER IDENTIFIER | |
| control field | SGT |
| 082 ## - DEWEY DECIMAL CLASSIFICATION NUMBER | |
| Item number | GUR |
| 100 ## - MAIN ENTRY--PERSONAL NAME | |
| Personal name | GURTU, J.N. |
| 245 ## - TITLE STATEMENT | |
| Title | GREEN CHEMISTRY |
| 260 ## - PUBLICATION, DISTRIBUTION, ETC. (IMPRINT) | |
| Name of publisher, distributor, etc | PRAGATI PRAKASHAN |
| Year of Publication | 2017 |
| 300 ## - PAGE DESCRIPTION | |
| No. of Pages | 184 |
| 942 ## - ADDED ENTRY ELEMENTS (KOHA) | |
| Source of classification or shelving scheme | Dewey Decimal Classification |
| Koha item type | Books |
| 942 ## - ADDED ENTRY ELEMENTS (KOHA) | |
| -- | 1 |
| Withdrawn status | Lost status | Source of classification or shelving scheme | Damaged status | Not for loan | Home library | Current library | Shelving location | Date acquired | Vendor Name | Cost, normal purchase price | SGTU | Bill Number | Total Checkouts | Full call number | Accession No. (Barcode) | Date last seen | Bill Date | Koha item type | Date last borrowed |
|---|---|---|---|---|---|---|---|---|---|---|---|---|---|---|---|---|---|---|---|
| Dewey Decimal Classification | SGT Science & Social Sciences Library | SGT Science & Social Sciences Library | Text Book | 28/07/2018 | PRAGATI PRAKASHAN | 165.00 | SGTU | 18-19/5797 | GUR | PS4346 | 28/07/2018 | Books | |||||||
| Dewey Decimal Classification | SGT Science & Social Sciences Library | SGT Science & Social Sciences Library | Text Book | 28/07/2018 | PRAGATI PRAKASHAN | 165.00 | SGTU | 18-19/5797 | 1 | GUR | PS4347 | 10/09/2019 | Books | 23/08/2019 | |||||
| Dewey Decimal Classification | SGT Science & Social Sciences Library | SGT Science & Social Sciences Library | Text Book | 28/07/2018 | PRAGATI PRAKASHAN | 165.00 | SGTU | 18-19/5797 | GUR | PS4348 | 28/07/2018 | Books | |||||||
| Dewey Decimal Classification | SGT Science & Social Sciences Library | SGT Science & Social Sciences Library | Text Book | 28/07/2018 | PRAGATI PRAKASHAN | 165.00 | SGTU | 18-19/5797 | GUR | PS4349 | 28/07/2018 | Books | |||||||
| Dewey Decimal Classification | SGT Science & Social Sciences Library | SGT Science & Social Sciences Library | Text Book | 28/07/2018 | PRAGATI PRAKASHAN | 165.00 | SGTU | 18-19/5797 | 1 | GUR | PS4350 | 30/06/2023 | Books | 26/06/2023 |